| 000 | 00478cam a2200193ua 4500 | ||
|---|---|---|---|
| 020 | _c75.00 | ||
| 041 |
_aeng _h |
||
| 082 |
_a634.9 _bTIW/SO |
||
| 100 | _aTiwari, K M . | ||
| 245 |
_aSocial forestry plantations / _cK M Tiwari. _hTextual Documents |
||
| 250 |
_a1 / _b. |
||
| 260 |
_aNew Delhi : _bOxford & IBH Publishing company , _c1984. |
||
| 300 | _a79 ; . | ||
| 365 | _a75.00 | ||
| 504 | _a | ||
| 700 | 1 | _aSingh, R v . | |
| 942 | _cBK | ||
| 999 |
_c7296 _d7296 |
||